000 00827nas a2200265 4500
001 BR2014003658
003 BR-BrBNA
005 20231205124201.0
007 ta
008 230509b bl.|||p| |||| 00| 00por d
040 _aBR-BrBNA
_bpor
_cBiblioteca Nacional de Agricultura
041 _a(Pt)
072 _aP35; P34
100 1 _aLima, M.A.
100 1 _aRigitano, R.L. de O.
245 1 _aInfluência do tempo sobre a sorção de pesticidas não-iônicos em um argissolo
650 _aSOLO ARGILOSO
650 _aLIXIVIAÇÃO
650 _aSORÇÃO
650 _aPESTICIDA
650 _aLABORATÓRIO
773 0 _tPesticidas. Revista de Ecotoxicologia e Meio Ambiente (Brazil)
_xISSN 0103-7277
_g(Jan-Dec 2008), v. 18 p. 83-94
_wBR2014003658
909 _a202311
_bLúcia
_c55
_dLúcia Elande
942 _2AGRIS
_n0
_cANA
999 _c237731
_d237731